Real Madrid CF Squad 2004-2005 - Statistics

General Stats
  • This quiz has been taken 98 times
  • The average score is 13 of 27
Answer Stats
# Position Nation Player % Correct
1 GK Spain Iker Casillas
93%
9 FW Brazil Ronaldo Nazário
91%
23 MF England David Beckham
90%
3 DF Brazil Roberto Carlos
88%
5 MF France Zinédine Zidane
88%
10 FW Portugal Luís Figo
86%
7 FW Spain Raúl González
79%
11 FW England Michael Owen
76%
6 DF Spain Iván Helguera
69%
14 MF Spain Guti
67%
2 DF Spain Míchel Salgado
67%
8 FW Spain Fernando Morientes
53%
21 MF Argentina Santiago Solari
48%
18 DF England Jonathan Woodgate
45%
13 GK Spain César Sánchez
43%
16 MF Denmark Thomas Gravesen
38%
15 DF Spain Raúl Bravo
31%
19 DF Argentina Wálter Samuel
28%
22 DF Spain Francisco Pavón
24%
- Coach Brazil Vanderlei Luxemburgo
17%
20 MF Spain Albert Celades
16%
4 MF Spain Borja Fernández
14%
- Coach Spain José Antonio Camacho
14%
24 DF Spain Álvaro Mejía
12%
17 FW Spain Javier Portillo
12%
32 DF Spain Juanfran Torres
12%
- Coach Spain Mariano García Remón
7%
No matching quizzes found
Score Distribution
Percent of People with Each Score
Percentile by Number Answered
Your Score History
You have not taken this quiz